[Event "Caioba op 7th"]
[Site "Caioba"]
[Date "2023.06.22"]
[Round "6"]
[White "Carvalho, Herbert Abreu"]
[Black "Duarte Napoles, Fanny"]
[Result "1/2-1/2"]
[WhiteElo "2097"]
[BlackElo "2191"]
[PlyCount "113"]
[EventDate "2023.06.18"]
[EventType "swiss"]
[EventRounds "9"]
[EventCountry "BRA"]
[SourceTitle "CBM 214 Extra"]
[Source "ChessBase"]
[SourceDate "2023.07.31"]
[SourceVersion "1"]
[SourceVersionDate "2023.07.31"]
[SourceQuality "1"]

1. Nf3 d5 2. b3 Bf5 3. Bb2 e6 4. g3 Nf6 5. Bg2 Be7 6. 0-0 h6 7. d3 0-0 8. Nbd2 Nbd7 9. Re1 Bh7 10. e4 dxe4 11. dxe4 Nc5 12. Ne5 c6 13. Qe2 Qc7 14. a4 a5 15. f3 Rfd8 16. Kh1 Na6 17. Nf1 Nb4 18. Red1 Ne8 19. Nc4 Bf6 20. Bxf6 Nxf6 21. c3 Na6 22. Qf2 Nd7 23. Nfe3 Ndc5 24. Qc2 Rf8 25. Qb1 f5 26. exf5 exf5 27. f4 Ne4 28. Qb2 Rad8 29. Rd4 Rxd4 30. cxd4 Nb4 31. Ne5 Rd8 32. Rd1 Qe7 33. Kg1 Nd5 34. Nxd5 Rxd5 35. Bf1 Kf8 36. Bc4 Rd8 37. Rd3 Qb4 38. Qe2 Nf6 39. Rd1 Qb6 40. Qd3 Nd5 41. Kg2 g6 42. Bxd5 Rxd5 43. Nf3 Bg8 44. Qe3 Qd8 45. Re1 Bf7 46. h3 Qf6 47. h4 Rd8 48. Qc3 b6 49. b4 Bd5 50. bxa5 bxa5 51. Qxa5 Be4 52. Qc5+ Kg7 53. Kf2 Qe6 54. Re2 Rd5 55. Qa7+ Rd7 56. Qc5 Rd5 57. Qa7+ 1/2-1/2

[Event "Caioba op 7th"]
[Site "Caioba"]
[Date "2023.06.21"]
[Round "5"]
[White "Carvalho, Herbert Abreu"]
[Black "Messias, Jose Vitor Lamosa P"]
[Result "1-0"]
[WhiteElo "2097"]
[BlackElo "1667"]
[PlyCount "91"]
[EventDate "2023.06.18"]
[EventType "swiss"]
[EventRounds "9"]
[EventCountry "BRA"]
[SourceTitle "CBM 214 Extra"]
[Source "ChessBase"]
[SourceDate "2023.07.31"]
[SourceVersion "1"]
[SourceVersionDate "2023.07.31"]
[SourceQuality "1"]

1. d4 Nf6 2. Nf3 e6 3. c4 b6 4. g3 Bb7 5. Bg2 Bb4+ 6. Bd2 Be7 7. Nc3 0-0 8. 0-0 d5 9. Ne5 Nbd7 10. Bf4 Nh5 11. cxd5 Nxf4 12. gxf4 exd5 13. Nxd5 Nxe5 14. Nxe7+ Qxe7 15. Bxb7 Ng4 16. Bg2 Rad8 17. e3 f5 18. h3 Nf6 19. Rc1 Rd6 20. Qc2 Ne8 21. Qa4 Rg6 22. Rc6 Nd6 23. Qc2 Qh4 24. Kh2 Rff6 25. Rg1 Ne4 26. Bxe4 fxe4 27. Rxf6 Rxf6 28. Qxc7 g6 29. Qd8+ Kg7 30. Qe7+ Kg8 31. Qxe4 Qxf2+ 32. Rg2 Qe1 33. a3 Qa5 34. Rc2 Rf7 35. d5 Qb5 36. d6 Qd7 37. Qd4 Qd8 38. Qd5 Kf8 39. Qe5 Rf6 40. d7 Rf5 41. Qh8+ Ke7 42. Qxh7+ Rf7 43. Qh4+ Rf6 44. Rc6 Qxd7 45. Qxf6+ Ke8 46. Re6+ 1-0

[Event "Caioba op 7th"]
[Site "Caioba"]
[Date "2023.06.20"]
[Round "4"]
[White "Zimmermann, Kleber Renato P"]
[Black "Carvalho, Herbert Abreu"]
[Result "1/2-1/2"]
[WhiteElo "1880"]
[BlackElo "2097"]
[PlyCount "54"]
[EventDate "2023.06.18"]
[EventType "swiss"]
[EventRounds "9"]
[EventCountry "BRA"]
[SourceTitle "CBM 214 Extra"]
[Source "ChessBase"]
[SourceDate "2023.07.31"]
[SourceVersion "1"]
[SourceVersionDate "2023.07.31"]
[SourceQuality "1"]

1. d4 Nf6 2. c4 e6 3. Nf3 b6 4. g3 Bb7 5. Bg2 d5 6. 0-0 Be7 7. Nc3 0-0 8. cxd5 exd5 9. Bg5 Ne4 10. Bxe7 Qxe7 11. Rc1 Nd7 12. Re1 Ndf6 13. e3 c5 14. dxc5 Nxc3 15. Rxc3 bxc5 16. Nd2 Rfe8 17. Rc1 Rab8 18. Qc2 Rec8 19. Nb3 Nd7 20. Red1 Qe5 21. Qd2 c4 22. Na5 Nf6 23. Nxb7 Rxb7 24. b3 c3 25. Qd3 Rc5 26. Rc2 g6 27. Rdc1 Rbc7 1/2-1/2

[Event "Natal zt 2.4"]
[Site "Natal"]
[Date "2022.10.06"]
[Round "6"]
[White "Carvalho, Herbert Abreu"]
[Black "Souza, Rafael Cabral de"]
[Result "1/2-1/2"]
[WhiteElo "2112"]
[BlackElo "2074"]
[PlyCount "51"]
[EventDate "2022.10.03"]
[EventType "swiss"]
[EventRounds "9"]
[EventCountry "BRA"]
[SourceTitle "EXT 2024"]
[Source "ChessBase"]
[SourceDate "2023.10.10"]
[SourceVersion "1"]
[SourceVersionDate "2023.10.10"]
[SourceQuality "1"]

1. Nf3 Nf6 2. c4 g6 3. d4 Bg7 4. g3 0-0 5. Bg2 d6 6. 0-0 Nc6 7. Nc3 a6 8. b3 Rb8 9. Bb2 Bd7 10. d5 Na5 11. Nd2 c5 12. dxc6 Nxc6 13. Nd5 Nxd5 14. Bxg7 Ne3 15. Qc1 Nxf1 16. Bxf8 Nxg3 17. hxg3 Qxf8 18. Qc3 Qg7 19. Rc1 Nd4 20. Kf1 Nc6 21. c5 dxc5 22. Qxg7+ Kxg7 23. Bxc6 Bxc6 24. Rxc5 Bd7 25. Ra5 Bc6 26. Rc5 1/2-1/2

[Event "Natal zt 2.4"]
[Site "Natal"]
[Date "2022.10.06"]
[Round "7"]
[White "Lage, Pedro Ferreira"]
[Black "Carvalho, Herbert Abreu"]
[Result "1/2-1/2"]
[WhiteElo "2087"]
[BlackElo "2112"]
[PlyCount "48"]
[EventDate "2022.10.03"]
[EventType "swiss"]
[EventRounds "9"]
[EventCountry "BRA"]
[SourceTitle "EXT 2024"]
[Source "ChessBase"]
[SourceDate "2023.10.10"]
[SourceVersion "1"]
[SourceVersionDate "2023.10.10"]
[SourceQuality "1"]

1. Nf3 Nf6 2. c4 c5 3. g3 g6 4. Bg2 Bg7 5. d4 cxd4 6. Nxd4 0-0 7. Nc3 Nc6 8. c5 Nxd4 9. Qxd4 d6 10. cxd6 Ne8 11. Qb4 Nxd6 12. 0-0 a5 13. Qf4 e5 14. Qf3 Bd7 15. Rd1 Bc6 16. Nd5 e4 17. Qb3 Nf5 18. Bxe4 Nd4 19. Qc4 Bxd5 20. Qxd5 Nxe2+ 21. Kf1 Nxc1 22. Raxc1 Bxb2 23. Rb1 Qf6 24. Qd6 Rad8 1/2-1/2

[Event "BRA-ch Seniors 65"]
[Site "Joao Pessoa"]
[Date "2022.08.19"]
[Round "1"]
[White "Gomes, Genildo de Souza"]
[Black "Carvalho, Herbert Abreu"]
[Result "1/2-1/2"]
[WhiteElo "1673"]
[BlackElo "2129"]
[PlyCount "66"]
[EventDate "2022.08.19"]
[EventType "swiss"]
[EventRounds "5"]
[EventCountry "BRA"]
[SourceTitle "CBM 210 Extra"]
[Source "ChessBase"]
[SourceDate "2022.11.30"]
[SourceVersion "1"]
[SourceVersionDate "2022.11.30"]
[SourceQuality "1"]

1. d4 Nf6 2. Nd2 g6 3. e4 d6 4. Bb5+ c6 5. Ba4 Bg7 6. Ne2 e5 7. c3 Qe7 8. Bc2 Nbd7 9. 0-0 d5 10. Re1 0-0 11. exd5 cxd5 12. dxe5 Nxe5 13. Nd4 Qc7 14. h3 Bd7 15. N4f3 Nc6 16. Nf1 Rfe8 17. Be3 Rad8 18. Nd4 Na5 19. Nd2 a6 20. Qf3 Nc6 21. Nxc6 Bxc6 22. Bd4 Rxe1+ 23. Rxe1 Re8 24. Rxe8+ Nxe8 25. Qe3 Bxd4 26. Qxd4 Qe7 27. Kf1 Nc7 28. Nf3 Bb5+ 29. Kg1 Qe2 30. Qd1 Qxd1+ 31. Bxd1 Ne6 32. g3 Kf8 33. h4 f6 1/2-1/2

[Event "American Continental 15th"]
[Site "Sao Paulo"]
[Date "2019.07.11"]
[Round "9"]
[White "Aranha Filho, Alvaro Zimmermann"]
[Black "Carvalho, Herbert Abreu"]
[Result "1-0"]
[WhiteElo "2320"]
[BlackElo "2089"]
[PlyCount "103"]
[EventDate "2019.07.05"]
[EventType "swiss"]
[EventRounds "11"]
[EventCountry "BRA"]
[SourceTitle "CBM 191 Extra"]
[Source "ChessBase"]
[SourceDate "2019.09.30"]
[SourceVersion "1"]
[SourceVersionDate "2019.09.30"]
[SourceQuality "1"]

1. d4 Nf6 2. c4 e6 3. Nc3 d5 4. cxd5 exd5 5. Bg5 Be7 6. e3 0-0 7. Bd3 Nbd7 8. Qc2 c6 9. Nge2 Re8 10. 0-0 Nf8 11. f3 Be6 12. Rad1 N6d7 13. Bxe7 Qxe7 14. e4 dxe4 15. fxe4 Nb6 16. Ng3 Rad8 17. Nce2 Qg5 18. Nf5 Bxf5 19. Rxf5 Qe3+ 20. Kh1 Ne6 21. Rf3 Qg5 22. Rdf1 Rd7 23. d5 cxd5 24. exd5 Nxd5 25. Rg3 Qe7 26. Bxh7+ Kf8 27. Bf5 Nf6 28. Rh3 Kg8 29. Bh7+ Kf8 30. Bd3 Qb4 31. a3 Qb6 32. Nc3 Red8 33. Qe2 a6 34. Ne4 Nxe4 35. Qxe4 Ke7 36. Rhf3 Rf8 37. Qh4+ g5 38. Qh7 Kd8 39. Bf5 Re8 40. Bxe6 Qxe6 41. h3 g4 42. Qh4+ Kc8 43. Rf6 Qe2 44. R6f2 Qe6 45. Rf6 Qe2 46. Rxf7 Rxf7 47. Rxf7 Qe1+ 48. Qxe1 Rxe1+ 49. Kh2 Re2 50. b4 Re3 51. h4 Rxa3 52. h5 1-0

[Event "American Continental 15th"]
[Site "Sao Paulo"]
[Date "2019.07.07"]
[Round "4"]
[White "Carvalho, Herbert Abreu"]
[Black "De Borba, Guilherme"]
[Result "1-0"]
[WhiteElo "2089"]
[BlackElo "2330"]
[PlyCount "79"]
[EventDate "2019.07.05"]
[EventType "swiss"]
[EventRounds "11"]
[EventCountry "BRA"]
[SourceTitle "CBM 191 Extra"]
[Source "ChessBase"]
[SourceDate "2019.09.30"]
[SourceVersion "1"]
[SourceVersionDate "2019.09.30"]
[SourceQuality "1"]

1. e4 c6 2. d4 d5 3. Nc3 dxe4 4. Nxe4 Nf6 5. Nxf6+ gxf6 6. Nf3 Bg4 7. Be2 Qc7 8. Be3 Nd7 9. Qd2 e6 10. 0-0-0 0-0-0 11. Kb1 Bd6 12. c4 Nf8 13. Qc3 Ng6 14. g3 Kb8 15. Ka1 f5 16. Rhe1 f4 17. Bc1 h5 18. Ng5 Bxe2 19. Rxe2 fxg3 20. fxg3 h4 21. Rf1 Rd7 22. Ref2 hxg3 23. hxg3 Bxg3 24. Rxf7 Bh4 25. R7f6 Bxg5 26. Bxg5 Rg7 27. Rxe6 Qd7 28. Rfe1 Rhg8 29. a3 Ka8 30. Qe3 a6 31. Qe4 Ka7 32. Bh6 Nf8 33. Re8 Rf7 34. Qe5 Qf5 35. Qb8+ Kb6 36. c5+ Kb5 37. Bxf8 Rgxf8 38. Rxf8 Rxf8 39. Qxb7+ Kc4 40. Qb4+ 1-0

[Event "Guayaquil zt 2.4"]
[Site "Guayaquil"]
[Date "2019.04.13"]
[Round "7"]
[White "Carvalho, Herbert Abreu"]
[Black "Cerezo Najera, Jorge"]
[Result "1/2-1/2"]
[WhiteElo "2123"]
[BlackElo "1916"]
[PlyCount "39"]
[EventDate "2019.04.09"]
[EventType "swiss"]
[EventRounds "9"]
[EventCountry "ECU"]
[SourceTitle "CBM 189 Extra"]
[Source "ChessBase"]
[SourceDate "2019.06.03"]
[SourceVersion "1"]
[SourceVersionDate "2019.06.03"]
[SourceQuality "1"]

1. d4 Nf6 2. Nf3 e6 3. c4 d5 4. g3 Be7 5. Bg2 0-0 6. 0-0 c6 7. Nbd2 Nbd7 8. Qc2 Re8 9. b3 Bd6 10. Bb2 e5 11. cxd5 cxd5 12. dxe5 Nxe5 13. Nxe5 Bxe5 14. Nf3 Bf5 15. Qxf5 Bxb2 16. Rad1 Rxe2 17. Nd4 Bxd4 18. Rxd4 Qb6 19. Qd3 Rxa2 20. Bxd5 1/2-1/2

[Event "Guayaquil zt 2.4"]
[Site "Guayaquil"]
[Date "2019.04.12"]
[Round "6"]
[White "Mieles Palau, Daniel Alberto"]
[Black "Carvalho, Herbert Abreu"]
[Result "1-0"]
[WhiteElo "2334"]
[BlackElo "2123"]
[PlyCount "87"]
[EventDate "2019.04.09"]
[EventType "swiss"]
[EventRounds "9"]
[EventCountry "ECU"]
[SourceTitle "CBM 189 Extra"]
[Source "ChessBase"]
[SourceDate "2019.06.03"]
[SourceVersion "1"]
[SourceVersionDate "2019.06.03"]
[SourceQuality "1"]

1. c4 e5 2. Nc3 Nf6 3. g3 d5 4. cxd5 Nxd5 5. Bg2 Nb6 6. Nf3 Nc6 7. 0-0 Be7 8. d3 0-0 9. Be3 Be6 10. Ne4 Bd5 11. Nc5 Rb8 12. Qc1 f5 13. Re1 f4 14. Bd2 a5 15. e4 fxe3 16. Rxe3 Qd6 17. Ne4 Qg6 18. Bc3 Rf5 19. Bxa5 Rbf8 20. Be1 Qh5 21. h3 Qg6 22. b4 Nd4 23. Nxd4 exd4 24. Re2 R5f7 25. a4 c6 26. Qb2 Bxe4 27. Rxe4 Nd5 28. b5 Nc3 29. Rxd4 Nd5 30. bxc6 bxc6 31. Rxd5 cxd5 32. Bxd5 Qxd3 33. Bxf7+ Rxf7 34. Rc1 Rf8 35. Bb4 Bxb4 36. Qxb4 Qf5 37. Qd4 Qxh3 38. Rc7 Qh6 39. Qc4+ Kh8 40. Rc8 Qf6 41. Rxf8+ Qxf8 42. a5 h6 43. Qc6 Qa3 44. a6 1-0

[Event "Guayaquil zt 2.4"]
[Site "Guayaquil"]
[Date "2019.04.11"]
[Round "4"]
[White "Arias Gaviria, Mario Alexis"]
[Black "Carvalho, Herbert Abreu"]
[Result "1/2-1/2"]
[WhiteElo "2250"]
[BlackElo "2123"]
[PlyCount "60"]
[EventDate "2019.04.09"]
[EventType "swiss"]
[EventRounds "9"]
[EventCountry "ECU"]
[SourceTitle "CBM 189 Extra"]
[Source "ChessBase"]
[SourceDate "2019.06.03"]
[SourceVersion "1"]
[SourceVersionDate "2019.06.03"]
[SourceQuality "1"]

1. d4 Nf6 2. c4 e6 3. Nf3 b6 4. g3 Bb7 5. Bg2 Be7 6. 0-0 0-0 7. Bg5 h6 8. Bxf6 Bxf6 9. Qc2 c5 10. Ng5 hxg5 11. Bxb7 Nc6 12. Bxa8 Nxd4 13. Qd3 Qxa8 14. Nc3 d5 15. cxd5 exd5 16. h3 Rd8 17. Rad1 Qb7 18. Kg2 Ne6 19. Nxd5 Nc7 20. e4 Nxd5 21. exd5 Bxb2 22. Rfe1 g6 23. Re4 b5 24. Qf3 Rd6 25. Re8+ Kg7 26. Qe4 Bf6 27. f3 a5 28. h4 gxh4 29. gxh4 c4 30. h5 gxh5 1/2-1/2

[Event "Recife Arraes Memorial 11th"]
[Site "Recife"]
[Date "2018.07.28"]
[Round "4"]
[White "Monteiro, Luis Felipe Furtado"]
[Black "Carvalho, Herbert Abreu"]
[Result "1-0"]
[WhiteElo "1826"]
[BlackElo "2125"]
[PlyCount "70"]
[EventDate "2018.07.27"]
[EventType "swiss"]
[EventRounds "6"]
[EventCountry "BRA"]
[SourceTitle "CBM 186 Extra"]
[Source "ChessBase"]
[SourceDate "2018.08.24"]
[SourceVersion "1"]
[SourceVersionDate "2018.08.24"]
[SourceQuality "1"]

1. e4 g6 2. d4 Bg7 3. f4 d6 4. Nf3 Nf6 5. Nc3 0-0 6. Bd3 Bg4 7. Be3 e5 8. dxe5 dxe5 9. f5 Nc6 10. h3 Bxf3 11. Qxf3 Nd4 12. Qf2 Nd7 13. 0-0-0 c6 14. g4 Bf6 15. h4 g5 16. hxg5 Bxg5 17. Rh5 h6 18. Bxg5 hxg5 19. Qh2 Kg7 20. Rh7+ Kf6 21. Qh6+ Ke7 22. Bc4 Nf6 23. Qxg5 b5 24. Bxb5 Rg8 25. Rg7 Rxg7 26. Qxg7 Qg8 27. Qxg8 Rxg8 28. Bd3 Rxg4 29. b3 Rh4 30. Rd2 Nf3 31. Rg2 Ne1 32. Re2 Rh1 33. Kb2 Nh5 34. Na4 Nf4 35. Rd2 Rh3 1-0

[Event "Cananeia U2200"]
[Site "Cananeia"]
[Date "2018.06.24"]
[Round "4.2"]
[White "Hirota da Silva, Nilton Jose"]
[Black "Carvalho, Herbert Abreu"]
[Result "0-1"]
[WhiteElo "1946"]
[BlackElo "2149"]
[PlyCount "84"]
[EventDate "2018.06.23"]
[EventType "swiss"]
[EventRounds "6"]
[EventCountry "BRA"]
[SourceTitle "EXT 2022"]
[Source "ChessBase"]
[SourceDate "2021.10.06"]
[SourceVersion "1"]
[SourceVersionDate "2021.10.06"]
[SourceQuality "1"]

1. e4 g6 2. d4 Bg7 3. Nc3 d6 4. Be3 Nf6 5. f3 0-0 6. Bc4 c6 7. a4 d5 8. exd5 cxd5 9. Bb3 Nc6 10. Nge2 Na5 11. 0-0 Nxb3 12. cxb3 Bd7 13. Nf4 e6 14. Nd3 Ne8 15. Rc1 Nd6 16. Ne2 Nf5 17. Bf2 Rc8 18. Rxc8 Bxc8 19. g4 Ne7 20. Qd2 b6 21. Rc1 Ba6 22. Nb4 Bxe2 23. Qxe2 Qd6 24. Na2 Qf4 25. Be3 Bxd4 26. Bxd4 Qxd4+ 27. Qf2 Qxf2+ 28. Kxf2 Rc8 29. Rxc8+ Nxc8 30. Nb4 g5 31. Ke3 Kf8 32. Nc6 Ke8 33. b4 f6 34. f4 Kd7 35. b5 gxf4+ 36. Kxf4 Kd6 37. b4 a6 38. h4 axb5 39. axb5 Ne7 40. Nd8 Ng6+ 41. Kg3 Ne5 42. h5 Kd7 0-1

[Event "Cananeia U2200"]
[Site "Cananeia"]
[Date "2018.06.23"]
[Round "2.1"]
[White "Carvalho, Herbert Abreu"]
[Black "Deus Filho, Joaquim"]
[Result "1/2-1/2"]
[WhiteElo "2149"]
[BlackElo "1855"]
[PlyCount "74"]
[EventDate "2018.06.23"]
[EventType "swiss"]
[EventRounds "6"]
[EventCountry "BRA"]
[SourceTitle "EXT 2022"]
[Source "ChessBase"]
[SourceDate "2021.10.06"]
[SourceVersion "1"]
[SourceVersionDate "2021.10.06"]
[SourceQuality "1"]

1. e4 c5 2. Nf3 d6 3. d4 cxd4 4. Qxd4 Nc6 5. Bb5 a6 6. Bxc6+ bxc6 7. c4 e5 8. Qd3 h6 9. Nc3 Nf6 10. 0-0 Be7 11. c5 Qc7 12. cxd6 Bxd6 13. Rd1 Be7 14. h3 0-0 15. Be3 Be6 16. Rac1 Rad8 17. Qe2 Qa5 18. Rxd8 Rxd8 19. a3 Rb8 20. Qd2 Kh8 21. Nxe5 Rd8 22. Nxc6 Rxd2 23. Nxa5 Rxb2 24. a4 Bb4 25. Nc6 Bxc3 26. Rxc3 Nxe4 27. Rd3 Kh7 28. Rd8 Ra2 29. a5 Nf6 30. Bb6 Nd5 31. Nd4 Nxb6 32. Nxe6 fxe6 33. axb6 Rb2 34. Rd6 e5 35. b7 Rxb7 36. Rxa6 Kg8 37. Re6 Kh7 1/2-1/2

[Event "American Continental 14th"]
[Site "Montevideo"]
[Date "2018.06.10"]
[Round "11"]
[White "Carvalho, Herbert Abreu"]
[Black "Cimer, Emanuel"]
[Result "1-0"]
[WhiteElo "2149"]
[BlackElo "2262"]
[PlyCount "55"]
[EventDate "2018.06.01"]
[EventType "swiss"]
[EventRounds "11"]
[EventCountry "URU"]
[SourceTitle "EXT 2019"]
[Source "ChessBase"]
[SourceDate "2018.10.10"]
[SourceVersion "1"]
[SourceVersionDate "2018.10.10"]
[SourceQuality "1"]

1. Nf3 Nf6 2. g3 g6 3. Bg2 Bg7 4. c4 0-0 5. d4 d6 6. Nc3 Nbd7 7. 0-0 e5 8. e4 c6 9. b3 exd4 10. Nxd4 Nc5 11. Bf4 Qe7 12. Nxc6 bxc6 13. Bxd6 Qe6 14. Bxc5 Re8 15. Re1 Ng4 16. Rc1 h5 17. f4 h4 18. h3 Nh6 19. g4 Kh7 20. e5 Bb7 21. Ne4 Kg8 22. Qc2 Nxg4 23. Ng5 Qc8 24. e6 f6 25. hxg4 fxg5 26. Qxg6 h3 27. Qf7+ Kh8 28. Qh5+ 1-0

[Event "American Continental 14th"]
[Site "Montevideo"]
[Date "2018.06.07"]
[Round "7"]
[White "Gemy Vargas, Jose Daniel"]
[Black "Carvalho, Herbert Abreu"]
[Result "1-0"]
[WhiteElo "2393"]
[BlackElo "2149"]
[PlyCount "61"]
[EventDate "2018.06.01"]
[EventType "swiss"]
[EventRounds "11"]
[EventCountry "URU"]
[SourceTitle "CBM 184 Extra"]
[Source "ChessBase"]
[SourceDate "2018.06.28"]
[SourceVersion "1"]
[SourceVersionDate "2018.06.28"]
[SourceQuality "1"]

1. e4 g6 2. d4 Bg7 3. Nf3 d6 4. h3 Nf6 5. Bd3 0-0 6. 0-0 c5 7. c3 Qc7 8. Re1 e5 9. dxe5 dxe5 10. Bc4 Nbd7 11. a4 Nb6 12. Bf1 Bd7 13. Nbd2 Bc6 14. b4 a5 15. bxc5 Nxa4 16. Rxa4 Bxa4 17. Qxa4 Nd7 18. Nb3 Rfc8 19. Be3 Bf8 20. Rd1 Nxc5 21. Nxc5 Bxc5 22. Rd7 Qb6 23. Qc4 Qe6 24. Qxe6 fxe6 25. Bc4 Bxe3 26. Bxe6+ Kh8 27. fxe3 Rc6 28. Bd5 Rac8 29. Bxc6 Rxc6 30. Rxb7 Rxc3 31. Ra7 1-0

[Event "Brazil Foz do Iguacu op"]
[Site "Foz do Iguacu"]
[Date "2018.05.16"]
[Round "2"]
[White "Sunye Neto, Jaime"]
[Black "Carvalho, Herbert Abreu"]
[Result "1-0"]
[WhiteElo "2486"]
[BlackElo "2149"]
[PlyCount "65"]
[EventDate "2018.05.16"]
[EventType "swiss"]
[EventRounds "9"]
[EventCountry "BRA"]
[SourceTitle "CBM 184 Extra"]
[Source "ChessBase"]
[SourceDate "2018.06.28"]
[SourceVersion "1"]
[SourceVersionDate "2018.06.28"]
[SourceQuality "1"]

1. c4 e5 2. g3 Nf6 3. Bg2 d5 4. cxd5 Nxd5 5. Nc3 Nb6 6. Nf3 Nc6 7. 0-0 Be7 8. d3 Be6 9. Be3 Nd5 10. Bd2 0-0 11. Rc1 Nxc3 12. bxc3 f5 13. Qc2 Kh8 14. c4 Bf6 15. Bc3 Qd6 16. Rfd1 Rae8 17. e3 Bf7 18. Rd2 Bh5 19. d4 e4 20. Ne5 Bxe5 21. dxe5 Qe7 22. Qb2 Nxe5 23. Bxe5 Qxe5 24. Qxb7 Qa5 25. Qd5 Re5 26. Qd4 Qc5 27. Qxc5 Rxc5 28. Rd5 Rc6 29. Bxe4 fxe4 30. Rxh5 Re8 31. Rd5 Rd6 32. Rxd6 cxd6 33. Rd1 1-0

[Event "Rio Branco Acre op"]
[Site "Rio Branco"]
[Date "2017.12.10"]
[Round "6"]
[White "Molina, Roberto Junio Brito"]
[Black "Carvalho, Herbert Abreu"]
[Result "1-0"]
[WhiteElo "2453"]
[BlackElo "2146"]
[PlyCount "55"]
[EventDate "2017.12.07"]
[EventType "swiss"]
[EventRounds "7"]
[EventCountry "BRA"]
[SourceTitle "CBM 182 Extra"]
[Source "ChessBase"]
[SourceDate "2018.02.23"]
[SourceVersion "1"]
[SourceVersionDate "2018.02.23"]
[SourceQuality "1"]

1. d4 Nf6 2. c4 e6 3. Nf3 c5 4. d5 exd5 5. cxd5 d6 6. Nc3 g6 7. e4 Bg7 8. Bd3 0-0 9. h3 Na6 10. 0-0 Nc7 11. Re1 a6 12. a4 Rb8 13. a5 Bd7 14. Qb3 Nh5 15. Bg5 Bf6 16. Bxf6 Qxf6 17. e5 dxe5 18. Nxe5 Rfd8 19. d6 Ne6 20. Nd5 Qg7 21. Bc4 Kh8 22. Nb6 Nf6 23. Nexd7 Nxd7 24. Bxe6 fxe6 25. Qxe6 Nxb6 26. axb6 Qxb2 27. Qe7 Qg7 28. Rad1 1-0

[Event "Rio Branco Acre op"]
[Site "Rio Branco"]
[Date "2017.12.09"]
[Round "4"]
[White "Felix, Raimundo Nascimento"]
[Black "Carvalho, Herbert Abreu"]
[Result "0-1"]
[WhiteElo "1883"]
[BlackElo "2146"]
[PlyCount "46"]
[EventDate "2017.12.07"]
[EventType "swiss"]
[EventRounds "7"]
[EventCountry "BRA"]
[SourceTitle "CBM 182 Extra"]
[Source "ChessBase"]
[SourceDate "2018.02.23"]
[SourceVersion "1"]
[SourceVersionDate "2018.02.23"]
[SourceQuality "1"]

1. e4 g6 2. d4 Bg7 3. Nc3 d6 4. Be2 Nf6 5. Be3 c6 6. h4 h5 7. Nh3 Ng4 8. Bc1 e5 9. dxe5 Bxe5 10. g3 Qe7 11. Qd3 Na6 12. a3 Nc5 13. Qf3 0-0 14. Bd3 d5 15. Qe2 Bxc3+ 16. bxc3 dxe4 17. f3 Qe5 18. Bc4 Qxc3+ 19. Qd2 Qxc4 20. fxg4 Bxg4 21. Bb2 e3 22. Qg2 Rad8 23. Nf4 Rd2 0-1